Elitní desítka Colt Delta Elite 10 mm Auto

Bibliographic Details
Main Author: Dušek, Ondřej (Author)
Format: Article
Language:Czech
PhysicalDescription:Fotogr.
ISSN:1212-5210
Subjects:

MARC

LEADER 00000nab a2200000 a 4500
001 vtls010635124
003 SK-MaSNL
005 20260303085244.0
008 141112 2014 xo m p 000 0 cze
015 |a SNBRB2014/11  |2 lmaosk 
040 |a LMAOSK  |b slo  |c LMAOSK  |e AACR2 
041 0 |a cze 
044 |a xo  |c SK 
080 |a 623.441/.443  |2 2001 
080 |a 623.44  |2 2001 
080 |a 623.443  |2 2001 
080 |a (046)  |2 2001 
100 1 |a Dušek, Ondřej  |4 aut  |9 1092569 
245 1 0 |a Elitní desítka  |b Colt Delta Elite 10 mm Auto  |c Ondřej Dušek 
300 |b Fotogr. 
500 |a Obsahuje charakteristiku a technické údaje 
650 0 7 |a Colt "Delta Elite" (pištoľ)  |2 snkbucl  |9 1086924 
650 0 7 |a strelné zbrane  |2 SNKPH  |9 68540 
650 0 7 |a ručné palné zbrane  |2 SNKPH  |9 28981 
650 0 7 |a pištole  |2 SNKPH  |9 13774 
650 0 7 |a samonabíjacie pištole  |2 LMAOSK  |9 1039520 
655 7 |a články  |2 SNKPH  |9 70601 
773 0 |t Zbraně & náboje  |g Roč. XVI, č. 11 (2014), s. 68-73  |x 1212-5210 
852 |a LMAOSK  |b KIS3GCP 
958 |a NB 
999 |c 1798539  |d 1800469